Imagen corporativa : influencia en la gestión empresarial /

Contenido: 1) La importancia de la imagen en las empresas; 2) Las técnicas de investigación en imagen corporativa; 3) Autoría y estrategia de imagen; 4) Cultura corporativa; 5) Responsabilidad social corporativa y reputación corporativa; 6) La identidad visual corporativa y el naming; 7) Imagen y po...

Descrizione completa

Salvato in:
Dettagli Bibliografici
Autore principale: Sánchez Herrera, Joaquín (coord.)
Altri autori: Pintado Blanco, Teresa (coordinación) (coordinación)
Natura: Libro
Lingua:spagnolo
Pubblicazione: Madrid, España : ESIC, 2009, c2009
Serie:(Libros Profesionales de Empresa)
Soggetti:
Tags: Aggiungi Tag
Nessun Tag, puoi essere il primo ad aggiungerne!!

MARC

LEADER 00000nam^a2200000^a^4500
001 000300171
005 20250521000000.0
009 20260310112501.101
020 |a 978-84-7356-594-3 
037 |a Acervo ITESO - Biblioteca 
041 |a ESP 
082 |a 658. 827  |b SAN 
100 |a Sánchez Herrera, Joaquín  |e (coord.) 
245 1 0 |a Imagen corporativa :  |b influencia en la gestión empresarial /  |c Coord. de J. Sánchez Herrera, T. Pintado Blanco. 
264 4 |a Madrid, España :  |b ESIC,  |c 2009, c2009 
300 |a 333 p. 
336 |a texto  |b txt  |2 rdacontenido 
337 |a sin mediación  |b n  |2 rdamedio 
338 |a volumen  |b nc  |2 rdasoporte 
440 1 |a (Libros Profesionales de Empresa) 
520 |a Contenido: 1) La importancia de la imagen en las empresas; 2) Las técnicas de investigación en imagen corporativa; 3) Autoría y estrategia de imagen; 4) Cultura corporativa; 5) Responsabilidad social corporativa y reputación corporativa; 6) La identidad visual corporativa y el naming; 7) Imagen y posicionamiento de marcas; 8) Gestión de la imagen a través de la comunicación de crisis; 9) Influencia de las promociones en la imagen corporativa; 10) La distribución de la imagen del punto de venta. 
649 |a XX 
650 |a Marcas (Mercadotecnia) 
650 |a Identidad Corporativa -  |x Tema Principal 
650 |a Comunicación Institucional 
650 |a Empresas -  |x Administración 
650 |a Ciencias Administrativas 
700 |a Pintado Blanco, Teresa  |e (coordinación) 
910 |a Fondo General 
920 |a Impresos - Libros 
930 |a Colección General 
905 |a 101 
901 |a 0500186134  |b IT1  |c ACC  |i C123770  |u 20250521 
901 |a 0500198974  |b IT1  |c ACC  |i C128965  |u 20250521 
902 |a https://opac.biblio.iteso.mx/vufind/Record/000300171